000 00636nmm a2200253 a 4500
003 AR-BaBNM
005 20251128202940.0
008 028019s1975 ||||||||||||||000 | spa||
040 _cAR-BaBNM
100 1 _aBorda, Guillermo A.
245 1 0 _aTratado de derecho civil
_bsucesiones. 1
250 _a4ยช ed. act.
260 _aBuenos Aires
_bPerrot
_c1975
300 0 _a595 p.
650 4 _aDERECHO CIVIL
650 4 _aDERECHO DE FAMILIA
650 4 _aSUCESIONES
650 4 _aHERENCIA
650 4 _aDEUDAS
650 4 _aDERECHO SUCESORIO
700 1 _aPeltzer, Federico J.M.
_ecolaborador
942 _cBK
998 _cCARMEN
999 _c1252
_d1252